banner-ar

Hajj paintings : (Record no. 63226)

MARC details
000 -الفاتح
حقل البيانات ثابتة الطول 01088cam a2200289 a 4500
005 - وقت وتاريخ اخر تعامل مع التسجيلة
رقم الضبط 20240530110630.0
008 - عناصر البيانات ثابتة الطول - معلومات عامة
حقل البيانات ثابتة الطول 950411s1995 dcua f000 0 eng
020 ## - الرقم الدولى المعيارى للكتب
الرقم الدولى المعيارى للكتاب 1560985461 (cloth : acidfree paper)
040 ## - مصدر الفهرسة
وكالة الفهرسة الأصلية DLC
وكالة النسخ DLC
وكالة التعديل DLC
043 ## - رمز المنطقة الجغرافية
رمز المنطقة الجغرافية f-ua---
-- a-su---
050 00 -
-- ND2863
-- .N33 1995
082 04 - رقم تصنيف ديوى العشرى
رقم الطبعة 21
رقم التصنيف 750\
رقم المادة P H
100 1# - المدخل الرئيسى - إسم شخصى
الإسم الشخصى Parker, Ann.
245 10 - بيان العنوان
العنوان Hajj paintings :
بقية العنوان folk art of the great pilgrimage /
بيان المسئوليه,etc [photography by] Ann Parker and [text by] Avon Neal.
260 ## - PUBLICATION, DISTRIBUTION, ETC. (IMPRINT)
تاريخ النشر أو التوزيع c1995.
300 ## - الوصف المادى
التعداد xxvii, 164 p. :
تفاصيل ماديه اخرى للوعاء col. ill. ;
أبعاد الوعاء 29 cm.
650 #0 - المدخل الاضافى بالموضوع-مصطلح موضوعى
مصطلح موضوعي Mural painting and decoration, Egyptian.
650 #0 - المدخل الاضافى بالموضوع-مصطلح موضوعى
مصطلح موضوعي Muslim pilgrims and pilgrimages in art.
650 #0 - المدخل الاضافى بالموضوع-مصطلح موضوعى
مصطلح موضوعي Muslim pilgrims and pilgrimages
التقسيم الفرعي الجغرافي Saudi Arabia
-- Mecca
التقسيم الفرعي العام Pictorial works.
650 #0 - المدخل الاضافى بالموضوع-مصطلح موضوعى
مصطلح موضوعي Folk art
التقسيم الفرعي الجغرافي Egypt.
700 1# - المدخل الاضافى - اسم شخصى
الإسم الشخصى Neal, Avon.
942 ## - عناصر المدخل الإضافي( كوها)
مصدر التصنيف او مخطط الترفيف Dewey Decimal Classification
Koha [default] item type كتاب
260 ## - PUBLICATION, DISTRIBUTION, ETC. (IMPRINT)
-- Washington :
-- Smithsonian Institution Press,
906 ## - عنصر بيانات محلى F, LDF (RLIN)
a 7
b cbc
c orignew
d 1
e ocip
f 19
g y-gencatlg
Holdings
حالة التراجع حالة الفقد مصدر التصنيف او خطة الترفيف حالة تلف ليس للاعارة المكان المؤقت الموقع الحالى موقع الترفيف تاريخ الاكتساب اجمالي اﻻعارات رقم الطلب الباركود تاريخ اخر مشاهدة تاريخ تفعيل السعر نوع وعاء كوها
    ddc     مكتبة القاهرة الكبرى مكتبة القاهرة الكبرى   01/14/2017   750\ P H 163198 01/14/2017 01/14/2017 كتاب

Powered By

EGPV